International trade in manufactured products <a> Ricardo-Heckscher-Ohlin explanation with monopolistic competition

Na minha lista:
Detalhes bibliográficos
Autor principal: Choudhri, Ehsan U.
Outros Autores: Hakura, Dalia S.
Formato: Livro
Idioma:inglês
Publicado em: Washington International Monetary Fund 2001
Colecção:IMF Working Paper WP/01/41
Assuntos:
Tags: Adicionar Tag
Sem tags, seja o primeiro a adicionar uma tag!

MARC

LEADER 00000nam a2200000 4500
001 c129175
005 20221221091217.4
041 0 |a eng 
044 |a US 
245 1 0 |a International trade in manufactured products  |b <a> Ricardo-Heckscher-Ohlin explanation with monopolistic competition  |c Ehsan U. Choudhri, Dalia S. Hakura 
264 1 |a Washington  |b International Monetary Fund  |c 2001 
300 |a 27 s. 
490 1 |a IMF Working Paper  |v WP/01/41 
830 0 |a IMF Working Paper  |v WP/01/41 
610 2 0 |a obchod medzinárodný 
610 2 0 |a výrobky priemyselné 
610 2 0 |a súťaž hospodárska 
610 2 0 |a monopoly 
610 2 0 |a modely obchodu zahraničného 
610 2 0 |a modely trhu 
610 2 0 |a konkurencia 
100 1 |a Choudhri, Ehsan U. 
700 1 |a Hakura, Dalia S.